| 000 | 00588nam a22001577a 4500 | ||
|---|---|---|---|
| 003 | OSt | ||
| 005 | 20190715131137.0 | ||
| 008 | 190715b xxu||||| |||| 00| 0 eng d | ||
| 040 | _cRUA | ||
| 082 | _aAGR HEN 2017 B633 Or.1 | ||
| 100 |
_913640 _aHENG SAN ហេង សាន |
||
| 245 | _aeffect of different rates of urea on celery cabbage ឥទ្ធពលនៃកម្រិតជីអ៊ុយរ៉េផ្សេងៗគ្នានៅលើដំណាំស្ពៃចង្កះ | ||
| 260 |
_aRUA _bphnom penh _c2017 |
||
| 300 |
_axii;37p _bill; _c29cm |
||
| 942 |
_2ddc _cAGR |
||
| 999 |
_c17974 _d17974 |
||